| 000 | 00936nam a2200301 a 4500 | ||
|---|---|---|---|
| 001 | vtls000118711 | ||
| 003 | NLI | ||
| 005 | 20210601204501.0 | ||
| 008 | 101125s1975 ru f 000 0 eng | ||
| 039 | 9 |
_y201011251308 _zVLOAD |
|
| 040 |
_aNLI _beng _cDataSoft _eAACR2 |
||
| 041 | 0 | _aeng | |
| 044 | _aru | ||
| 082 | 0 | 4 | _a328.47 |
| 245 | 0 | 0 |
_aUSSR supreme soviet / _cYori Kotolyov. . . [et al. ] ; edited by Valdimir Vassilyev |
| 260 |
_aMoscow : _bNovosti, _c1975 |
||
| 300 |
_a47 p. : _bplates ; _c22 cm. |
||
| 650 | 0 |
_aEconomic development _92639 |
|
| 651 | 0 |
_aSoviet Union _xPolitics and government _93633 |
|
| 651 | 0 |
_aLegislative bodies _xSoviet Union _9208226 |
|
| 700 | 1 |
_aKorolyov, Yori, _4jt. aut _9244817 |
|
| 700 | 1 |
_aVassilyov, Valdimir, _4edt _9244818 |
|
| 887 | _a | ||
| 901 |
_aG28116 _b24.11.1976 |
||
| 902 | _aE328.47 Un3s | ||
| 949 |
_AVIRTUAITEM _D10000 _X100 _6GXX000028116ENG |
||
| 942 |
_2ddc _cBKS |
||
| 999 |
_aVIRTUA00 _c123721 _d123721 |
||